New proposals for revised asbestos regulations and an approved code of practice (Record no. 77853)

MARC details
000 -LEADER
fixed length control field 01035cab a2200193 4500
001 - CONTROL NUMBER
control field ##L135282
008 - FIXED-LENGTH DATA ELEMENTS--GENERAL INFORMATION
fixed length control field 061010n2006 000 0 eng u
035 ## - SYSTEM CONTROL NUMBER
System control number (Sirsi) u135282
041 0# - LANGUAGE CODE
Language code of text/sound track or separate title eng
100 1# - MAIN ENTRY--PERSONAL NAME
Personal name Mann, David
245 00 - TITLE STATEMENT
Title New proposals for revised asbestos regulations and an approved code of practice
260 ## - PUBLICATION, DISTRIBUTION, ETC.
Date of publication, distribution, etc. 2006
490 #0 - SERIES STATEMENT
Series statement Journal of Building Appraisal
Volume/sequential designation 2(2) 157-160(4)
520 ## - SUMMARY, ETC.
Summary, etc. In response to proposed amendments to the Control of Asbestos at Work Regulations 2002, this paper addresses the main concerns within the industry, such as the deregulation of asbestos containing textured coating. It also gives advice to those overseeing asbestos removal projects that do not require notification to the HSE and other sources of information that should be considered essential background reading. [Taken from journal abstract].
590 ## - LOCAL NOTE (RLIN)
Local note IKA171006, KA
650 24 - SUBJECT ADDED ENTRY--TOPICAL TERM
Topical term or geographic name entry element CONTROL OF ASBESTOS AT WORK REGULATIONS 2002
690 ## - LOCAL SUBJECT ADDED ENTRY--TOPICAL TERM (OCLC, RLIN)
Topical term or geographic name as entry element MANAGEMENT-HEALTH AND SAFETY-HAZARDOUS SUBSTANCES-ASBESTOS
942 ## - ADDED ENTRY ELEMENTS (KOHA)
Suppress in OPAC 0
Holdings
Withdrawn status Lost status Source of classification or shelving scheme Damaged status Not for loan Home library Current library Shelving location Date acquired Total Checkouts Full call number Barcode Date last seen Copy number Price effective from Koha item type
    Dewey Decimal Classification     London London Journal article 10/10/2006   L135282 135282-1001 06/08/2019 1 06/08/2019 Journal article